O klinickej štúdii HERA

Bibliographic Details
Format: Article
Language:Slovak
PhysicalDescription:Fotogr.
ISSN:1335-4477
Subjects:

MARC

LEADER 00000nab a2200000 a 4500
001 vtls008955190
003 SK-MaSNL
005 20260303070338.0
008 140303c2007 xo wrzp 0 0slo
015 |a SNBRB2007/03  |2 snkbucl 
040 |a SNKBUCL  |b slo  |c SNKBUCL  |e AACR2 
041 0 |a slo 
044 |a xo  |c SK 
080 |a 618.19-006.6-08  |2 1997 
080 |a 615.277  |2 1997 
245 0 0 |a O klinickej štúdii HERA 
300 |a Fotogr. 
650 0 7 |a karcinóm prsníka HER2-pozitívny  |x liečba  |2 snkbucl  |9 99424 
650 0 7 |a chemoterapia  |2 snkbucl  |9 13903 
650 0 7 |a trastuzumab  |2 snkbucl  |9 839724 
650 0 7 |a Herceptin (liek)  |2 snkbucl  |9 839725 
650 0 7 |a HERA (klinická štúdia)  |2 snkbucl  |9 1067667 
773 0 |t Zdravotnícke noviny  |g Roč. XII, č. 8 (2007)  |x 1335-4477 
773 0 |t Lekárske listy  |g Č. 8 (2007), s. 14 
852 |a SNK  |b KIS3GCP 
958 |a MI 
958 |a SK 
999 |c 1754976  |d 1756906